| 000 | 02035cam a22004454i 4500 | ||
|---|---|---|---|
| 003 | PE-LiUPU | ||
| 005 | 20250731165359.0 | ||
| 008 | 150923s2007 pe grm 000 0 spa d | ||
| 035 | _a(Sirsi) a154571 | ||
| 040 |
_aPE-LiUPU _bspa _cPE-LiUPU _erda |
||
| 099 |
_aTE 3 _bD38 2007 |
||
| 100 | 1 |
_aDávila Gonzales, Segundo Diógenes _eautor |
|
| 245 | 1 |
_aPrograma de desarrollo de la cultura de evaluación y su impacto en el mejoramiento del desempeño laboral en el Colegio Particular Adventista Ucayali de Pucallpa / _cSegundo Diógenes Dávila Gonzales. |
|
| 264 | 0 | _c2007. | |
| 300 |
_a109 hojas _c30 cm |
||
| 336 |
_atext _2rdacontent |
||
| 337 |
_aunmediated _2rdamedia |
||
| 338 |
_avolume _2rdacarrier |
||
| 502 |
_aTesis _b(Mg.) -- _cUniversidad Peruana Unión, _d2007. |
||
| 504 | _aIncluye referencias | ||
| 520 | 3 | _aEl presente trabajo de investigación tiene por objetivo determinar en que medida mejora el programa de cultura evaluativa en el desempeño del docente y en el personal de apoyo. Este trabajo de investigación se realizó en la Institución Educativa Adventista Ucayali, durante los meses de marzo a noviembre de 2007. Se aplicó una encuesta para determinar el desempeño de los docentes y el personal de apoyo. Luego se realizo un programa que consistía en charlas y reflexiones sobre el desempeño, incidiéndose en la capacidad personal de la autoevaluación de sus actividades y tareas realizadas en la institución. | |
| 526 | _aSEG44 | ||
| 526 | _aSEG26 | ||
| 526 | _aP151 | ||
| 526 | _aP150 | ||
| 526 | _aP149 | ||
| 526 | _aP146 | ||
| 526 | _aP145 | ||
| 526 | _aP126 | ||
| 526 | _aP125 | ||
| 526 | _aP92 | ||
| 526 | _aP75 | ||
| 526 | _aP74 | ||
| 526 | _aP27 | ||
| 526 | _aP15 | ||
| 650 | 0 | 4 |
_aEvaluación educativa _xEficacia docente _xPlanes y programas _vTesis. |
| 596 | _a1 | ||
| 942 |
_2ddc _cTESIS |
||
| 999 |
_aTE 3 D38 2007 _wALPHANUM _c7275 _iT01029 _lCCODEBUL3 _mBUL _r1 _sY _tTESIS _u2015-9-23 _xPOSGRADO _PP57 _o.STAFF. Tesis _d7275 |
||
| 980 |
_81 _gALBERTO SANCHEZ Responsable de Automatización |
||